00624 a2200169 4500003000500000005001700005040000900022082001200031100003000043245010700073260003200180300001800212505016900230538002900399650001400428651001200442Nust20170207153155.0 cNust a621.382 aSabir, Zeeshan (MSEE-13) aJoint ICI cancellation, channel estimation and error correction in iterative fashioncZeeshan Sabir  bMCS, NUSTc2009aRawalpindi axiii,107 ,p.; aIntroduction (page-1) Orthogonal frequency division multiplexing (page-7) Turbo codes (page-22) Channel estimation and equalization (Page-45) Conclusion (page-101). aAlmirah No 69 Shelf No 2 aMS Thesis aMSEE-13